Services tax : planning and management
| Main Author: | |
|---|---|
| Format: | Book |
| Published: |
Petaling Jaya :
Pelanduk Publcations(M) Sdn Bhd ,
1993
|
| Subjects: |
MARC
| LEADER | 00000cam a2200000 7i4500 | ||
|---|---|---|---|
| 001 | 0000003796 | ||
| 002 | 000004093 | ||
| 005 | 20000330.0 | ||
| 020 | |a 9679784193 | ||
| 090 | 0 | 0 | |a 336.206 |b ARJ |
| 100 | 0 | |a Arjunan Subramaniam | |
| 245 | 1 | 0 | |a Services tax : |b planning and management |c Arjunan Subramaniam |
| 260 | |a Petaling Jaya : |b Pelanduk Publcations(M) Sdn Bhd , |c 1993 | ||
| 300 | |a 67p. ; |c 20cm. | ||
| 650 | 0 | 0 | |a Tax deduction |z Malaysia |
| 650 | 0 | 0 | |a Tax incentives |
| 999 | |a 037019 |b BUKU |c PINJAMAN |e PERPUSTAKAAN KOMUNITI PETALING JAYA | ||